| 000 | 00447nam a2200133Ia 4500 | ||
|---|---|---|---|
| 008 | 250506s9999 xx 000 0 und d | ||
| 024 | _a11B-026-BS | ||
| 082 | _a005.43072 OSA | ||
| 100 | _aS. M. Osama Farooq | ||
| 245 | 0 | _aEfficient System for Restraining Criminal Activities (Prison Office Management Information System) (CODE BOOK) | |
| 260 |
_aKarachi: _bUIT, _c2011 |
||
| 600 | _aComputer Science | ||
| 650 | _aBachelor of Computer Science (BS) | ||
| 999 |
_c28808 _d28808 |
||